Implementación del acompañamiento pedagógico a los formadores de la carrera de Educación Inicial en el recinto Urania Montás, año 2019-2020, San Juan de la Maguana / (Record no. 13400)

MARC details
000 -CABECERA
campo de control de longitud fija 01605nmm a2200301 i 4500
003 - IDENTIFICADOR DEL NÚMERO DE CONTROL
campo de control DO-SdISF
005 - FECHA Y HORA DE LA ÚLTIMA TRANSACCIÓN
campo de control 20250403114121.0
007 - CAMPO FIJO DE DESCRIPCIÓN FÍSICA--INFORMACIÓN GENERAL
campo de control de longitud fija ta
008 - DATOS DE LONGITUD FIJA--INFORMACIÓN GENERAL
campo de control de longitud fija 240219s2020 dr ||||fo||d| 00| 0 spa d
040 ## - FUENTE DE LA CATALOGACIÓN
Centro catalogador/agencia de origen DO-SdISF
Lengua de catalogación spa
Normas de descripción rda
Centro/agencia transcriptor DO-SdISF
100 1# - ENTRADA PRINCIPAL--NOMBRE DE PERSONA
Nombre de persona López Mateo, Andrea Germania
Término indicativo de función/relación autor
9 (RLIN) 22825
245 10 - MENCIÓN DE TÍTULO
Título Implementación del acompañamiento pedagógico a los formadores de la carrera de Educación Inicial en el recinto Urania Montás, año 2019-2020, San Juan de la Maguana /
Mención de responsabilidad, etc. sustentado : Andrea Germania López Mateo ; asesor: Margarita Heinsen
264 #1 - PRODUCCIÓN, PUBLICACIÓN, DISTRIBUCIÓN, FABRICACIÓN Y COPYRIGHT
Producción, publicación, distribución, fabricación y copyright Santo Domingo :
Nombre del de productor, editor, distribuidor, fabricante ISFODOSU,
Fecha de producción, publicación, distribución, fabricación o copyright 2020
300 ## - DESCRIPCIÓN FÍSICA
Extensión 1 recurso en línea ( 102 hojas) :
Otras características físicas ilustraciones
336 ## - TIPO DE CONTENIDO
Fuente rdacontent
Término de tipo de contenido texto
Código de tipo de contenido txt
337 ## - TIPO DE MEDIO
Fuente rdamedia
Nombre/término del tipo de medio computadora
Código del tipo de medio c
338 ## - TIPO DE SOPORTE
Fuente rdacarrier
Nombre/término del tipo de soporte recurso en línea
Código del tipo de soporte cr
347 ## - CARACTERÍSTICAS DEL ARCHIVO DIGITAL
Fuente rda
Tipo de archivo archivo de texto
Formato de codificación PDF
502 ## - NOTA DE TESIS
Nota de tesis Tesis para optar por el título de Maestría en (Educación Inicial) - Instituto Superior de Formación Docente Salomé Ureña - ISFODOSU, Recinto FEM, 2020<br/>
504 ## - NOTA DE BIBLIOGRAFÍA, ETC.
Nota de bibliografía, etc. Bibliografía en hoja 76
505 ## - NOTA DE CONTENIDO CON FORMATO
Nota de contenido con formato Marco teórico 7 - Diseño de la investigación 29 - Análisis de los resultados 50 - Conclusiones 70 - Referencias 76 - Apéndices 82
650 14 - PUNTO DE ACCESO ADICIONAL DE MATERIA--TÉRMINO DE MATERIA
Término de materia o nombre geográfico como elemento de entrada Educación preescolar
Fuente del encabezamiento o término armarc
Subdivisión geográfica República Dominicana
9 (RLIN) 3880
650 14 - PUNTO DE ACCESO ADICIONAL DE MATERIA--TÉRMINO DE MATERIA
Término de materia o nombre geográfico como elemento de entrada Personal docente
9 (RLIN) 8188
650 10 - PUNTO DE ACCESO ADICIONAL DE MATERIA--TÉRMINO DE MATERIA
Término de materia o nombre geográfico como elemento de entrada Acompañamiento pedagógico
9 (RLIN) 26715
700 1# - PUNTO DE ACCESO ADICIONAL--NOMBRE DE PERSONA
Nombre de persona Heinsen Guerra, Margarita María
Término indicativo de función/relación asesor
9 (RLIN) 21574
856 ## - LOCALIZACIÓN Y ACCESO ELECTRÓNICOS
Texto de enlace Clic para ver Texto Completo
Identificador Uniforme del Recurso https://biblioteca.isfodosu.edu.do/cgi-bin/koha/opac-retrieve-file.pl?id=69b1bac7967b606ba44b62d8f7b0be25
942 ## - ELEMENTOS DE PUNTO DE ACCESO ADICIONAL (KOHA)
Fuente del sistema de clasificación o colocación
Tipo de ítem Koha
Holdings
Estado de retiro Estado de pérdida Fuente del sistema de clasificación o colocación Estado dañado No para préstamo Localización permanente Ubicación/localización actual Fecha de adquisición Total de préstamos Fecha visto por última vez Precio válido a partir de Tipo de ítem Koha
    Clasificación Decimal Dewey     Repositorio INERED Repositorio INERED 03/04/2025   03/04/2025 03/04/2025 Tesis digital

© 2024. Todos los Derechos Reservados. Desarrollado por IDEICE